Statystyki dla Dopasuj stolicę do państwa

Kliknij tutaj aby rozwiązać quiz!

Ogólne statystyki

  • Ten quiz został rozwiązany 89 razy
  • Średni wynik to 7 z 10

Statystyki odpowiedzi

stolicapaństwa% Poprawnych
PrisztinaKosowo
89%
TallinnEstonia
88%
HavanaKuba
88%
BangkokTajlandia
85%
TbilisiGruzja
83%
WellingtonNowa Zelandia
82%
ChartumSudan
60%
San JoseKostaryka
54%
MogadiszuSomalia
54%
KampalaUganda
44%

Rozkład punktacji

Percentyl według liczby udzielonych odpowiedzi

Procent ludzi z każdym wynikiem

Twoja historia wyników

Nie rozwiązałeś tego quizu